Central Library and Information Centre
Sibsagar Girls' College, Sivasagar : Assam

LABA KUSHAR JUDDHA (Play) (Record no. 772)

MARC details
000 -LEADER
fixed length control field 00335cam a2200157ua 4500
008 - FIXED-LENGTH DATA ELEMENTS--GENERAL INFORMATION
fixed length control field 131120n II |||gr||||Z||||||asm
040 ## - CATALOGING SOURCE
Original cataloging agency MAIN
041 ## - LANGUAGE CODE
-- English
082 ## - DEWEY DECIMAL CLASSIFICATION NUMBER
Classification number 891.454 BAR
100 ## - MAIN ENTRY--PERSONAL NAME
Personal name BARUAH, DUTTA.
245 ## - TITLE STATEMENT
Title LABA KUSHAR JUDDHA (Play)
300 ## - PHYSICAL DESCRIPTION
Dimensions 18CM.
942 ## - ADDED ENTRY ELEMENTS (KOHA)
Koha item type Books
653 ## - INDEX TERM--UNCONTROLLED
Uncontrolled term Asomiya Natak
Holdings
Withdrawn status Lost status Damaged status Not for loan Collection code Home library Current library Shelving location Date acquired Full call number Barcode Date last seen Copy number Price effective from Koha item type
        REFASM Central Library and Information Centre Sibsagar Girls College Central Library and Information Centre Sibsagar Girls College   19.04.1967 891.454 BAR 00843 27.02.2020 1 27.02.2020 Books


Sibsagar Girl's College © 2020. All rights reserved.
Powered by Koha.
Maintained by Abhijit Borpuzari.